000 00900nam a2200253Ia 4500
001 88452
003 167035
005 20251025075544.0
008 ||||||n9999 ||| || ||
245 0 _aOrganización del banco de programas y proyectos de inversión municipal (BPIM) en el Municipio de Orocué Casanare
504 _aincluye bibliografía.
562 _e1
650 0 _aANÁLISIS ADMINISTRATIVO
_94467
650 _aANALISIS DE ESTRATEGIAS
_92773
650 _aBANCO DE PROGRAMAS Y PROYECTOS DE INVERSION MUNICIPAL -BPIM-
_9109140
650 _aBANCO DE PROYECTOS
_949779
650 _aDESARROLLO MUNICIPAL
_98410
650 _aOROCUE, CASANARE (COLOMBIA)
_938768
650 _aPLANEACION ECONOMICA
_95550
650 _aPLANEACION MUNICIPAL--COLOMBIA
_966842
650 0 _aProyectos de inversión
_98538
650 _aTESIS Y DISERTACIONES ACADÉMICAS
_9109141
942 _cTESIS
999 _c88452
_d88452